=LDR 00000nam 2200000 4500 =001 INLIS000000000060628 =005 20220224024445 =035 ##$$a 0010-0222000182 =007 ta =008 220224###########################0#ind## =082 ##$$a R.342.07 =084 ##$$a R.342.07 Ind p =245 ##$$a Peraturan Pemerintah Rerpublik Indonesia Nomor 6 Tahun 2005 Tentang PILKADA =300 ##$$a viii,129 halaman ; $c 21 cm. =650 #4$$a Kepla Daerah-Undang-Undang dan Peraturan-Pemilihan =264 ##$$a jakarta :$b Rineka Cipta,$c 2005 =336 ##$$a teks$2 rdacontent =337 ##$$a lain-lain$2 rdamedia =338 ##$$a lain-lain$2 rdacarrier =990 ##$$a 07210721